|
|
|
|
| LEADER |
00000aam a2200000 i 4500 |
| 001 |
115765 |
| 003 |
CZ ZlUTB |
| 005 |
20260605162913.0 |
| 007 |
ta |
| 008 |
260119s2025 xr ac e 001 0bcze |
| 015 |
|
|
|a cnb003736640
|
| 020 |
|
|
|a 978-80-53002-15-8
|q (brožováno)
|
| 040 |
|
|
|a BOA001
|b cze
|d ZLD002
|e rda
|
| 041 |
1 |
|
|a cze
|h eng
|
| 043 |
|
|
|a e-sw---
|
| 045 |
|
|
|a x1y0
|
| 072 |
|
7 |
|a 791
|x Film. Cirkus. Lidová zábava
|2 Konspekt
|9 3
|
| 072 |
|
7 |
|a 929
|x Biografie
|2 Konspekt
|9 8
|
| 080 |
|
|
|a 791.633-051
|2 MRF
|
| 080 |
|
|
|a 791.632-051
|2 MRF
|
| 080 |
|
|
|a 792.075
|2 MRF
|
| 080 |
|
|
|a 791.2
|2 MRF
|
| 080 |
|
|
|a 929
|2 MRF
|
| 080 |
|
|
|a (485)
|2 MRF
|
| 080 |
|
|
|a (092)
|2 MRF
|
| 100 |
1 |
|
|a Cowie, Peter,
|d 1939-
|7 xx0156170
|4 aut
|
| 240 |
1 |
0 |
|a God and the Devil.
|l Česky
|
| 245 |
1 |
0 |
|a Bůh i ďábel :
|b život a dílo Ingmara Bergmana /
|c Peter Cowie ; z anglického originálu God and the Devil ... přeložil Jaroslav Hronek
|
| 246 |
3 |
0 |
|a Život a dílo Ingmara Bergmana
|
| 250 |
|
|
|a Vydání první
|
| 264 |
|
1 |
|a V Praze :
|b Herrmann & synové,
|c 2025
|
| 300 |
|
|
|a 357 stran :
|b ilustrace, portréty ;
|c 23 cm
|
| 336 |
|
|
|a text
|b txt
|2 rdacontent
|
| 337 |
|
|
|a bez média
|b n
|2 rdamedia
|
| 338 |
|
|
|a svazek
|b nc
|2 rdacarrier
|
| 500 |
|
|
|a Chronologický přehled
|
| 504 |
|
|
|a Obsahuje bibliografii, bibliografické odkazy a rejstřík
|
| 600 |
1 |
7 |
|a Bergman, Ingmar,
|d 1918-2007
|7 jn19990000712
|2 czenas
|
| 648 |
|
4 |
|a 1918-2007
|
| 648 |
|
7 |
|a 20.-21. století
|7 ch462155
|2 czenas
|
| 648 |
|
7 |
|a 20. století
|7 ch460558
|2 czenas
|
| 650 |
0 |
7 |
|a filmoví režiséři
|7 ph120210
|z Švédsko
|y 20.-21. století
|2 czenas
|
| 650 |
0 |
7 |
|a filmoví scenáristé
|7 ph120211
|z Švédsko
|y 20.-21. století
|2 czenas
|
| 650 |
0 |
7 |
|a divadelní režiséři
|7 ph119507
|z Švédsko
|y 20.-21. století
|2 czenas
|
| 650 |
0 |
7 |
|a filmy
|7 ph120215
|z Švédsko
|y 20. století
|2 czenas
|
| 650 |
0 |
9 |
|a film directors
|z Sweden
|y 20th-21st centuries
|2 eczenas
|
| 650 |
0 |
9 |
|a film screenwriters
|z Sweden
|y 20th-21st centuries
|2 eczenas
|
| 650 |
0 |
9 |
|a theatrical directors
|z Sweden
|y 20th-21st centuries
|2 eczenas
|
| 650 |
0 |
9 |
|a films
|z Sweden
|y 20th century
|2 eczenas
|
| 655 |
|
7 |
|a biografie
|7 fd131909
|2 czenas
|
| 655 |
|
9 |
|a biography
|2 eczenas
|
| 700 |
1 |
|
|a Hronek, Jaroslav,
|d 1976-
|7 jo20221155972
|4 trl
|
| 710 |
2 |
|
|a Herrmann & synové (nakladatelství)
|7 xx0240877
|4 pbl
|
| 910 |
|
|
|a ZLD002
|
| 942 |
|
|
|2 udc
|
| 952 |
|
|
|0 0
|1 0
|4 0
|5 0
|6 778COWIEP
|7 -1
|8 BOOK
|9 191464
|a UTBZL
|b UTBZL
|c 006
|d 2026-06-05
|l 0
|o 778/COWIE,P.
|p 420010202250
|r 2026-06-05 16:30:18
|v 555.00
|w 2026-06-05
|x N:nákup
|y 04
|
| 992 |
|
|
|a BK
|b SKNEW
|
| 999 |
|
|
|c 115765
|d 115765
|